[Event "Francophonie-chT Rapid"]
[Site "Tornelo INT"]
[Date "2022.06.04"]
[Round "2.6"]
[White "Mawuli, Richardson"]
[Black "Van Hoolandt, Patrick"]
[Result "1-0"]
[WhiteElo "1623"]
[BlackElo "2044"]
[PlyCount "121"]
[EventDate "2022.06.04"]
[EventType "team-swiss (rapid)"]
[EventRounds "11"]
[EventCountry "FRA"]
[SourceTitle "CBM 208 Extra"]
[Source "ChessBase"]
[SourceDate "2022.07.31"]
[SourceVersion "1"]
[SourceVersionDate "2022.07.31"]
[SourceQuality "1"]
[WhiteTeam "Ghana II"]
[BlackTeam "Monaco"]
[WhiteTeamCountry "GHA"]
[BlackTeamCountry "MNC"]

1. e4 e5 2. Nf3 Nc6 3. Bc4 Bc5 4. Nc3 Nf6 5. 0-0 d6 6. h3 a6 7. d3 Na5 8. Bb3 Nxb3 9. axb3 0-0 10. Bg5 h6 11. Bh4 c6 12. d4 exd4 13. Nxd4 Qe7 14. Re1 Re8 15. Qd3 g5 16. Bg3 Nh5 17. Bh2 Ng7 18. Rad1 Bb4 19. Kh1 Rd8 20. Qc4 a5 21. Re3 Be6 22. Qe2 Rd7 23. f4 Bc5 24. f5 Qf6 25. fxe6 Nxe6 26. Nxe6 Bxe3 27. Qxe3 Qxe6 28. Qd4 Rad8 29. Rf1 Qg6 30. Rf6 Qg7 31. Qf2 b5 32. Ne2 d5 33. e5 Re8 34. Nd4 Qf8 35. e6 Rxe6 36. Nxe6 Qb4 37. Nd4 Qc5 38. Nf5 Qxf2 39. Nxh6+ Kg7 40. Rxf2 Kxh6 41. Bg3 Kg6 42. Kg1 f5 43. Re2 f4 44. Be1 Kf5 45. Bxa5 Ra7 46. Bc3 c5 47. Re5+ Kg6 48. Rxd5 Ra1+ 49. Kf2 Rc1 50. Rd2 b4 51. Be5 Ra1 52. Bd6 Ra5 53. Rd5 Ra2 54. Be5 Ra5 55. Bd4 Ra1 56. Rxc5 Rc1 57. Rc4 Kf5 58. Bc5 Rb1 59. Bxb4 Rxb2 60. Bc5 Ke5 61. Bd4+ 1-0